Tilastot visalle Sana Scramble - Valtiot

Klikkaa tästä pelataksesi tätä visaa!

Yleistilastot

  • Tätä visaa on pelattu 177 kertaa
  • Keskiarvotulos 17 / 20

Vastaustilastot

ScrambleValtio% Oikein
tiiahHaiti
98%
aikkrekKreikka
96%
amaahbBahama
95%
oogtTogo
95%
ehiclChile
93%
aiajpnJapani
92%
inkiaKiina
92%
vooskoKosovo
91%
atmlaMalta
90%
iumsoSuomi
90%
adaknaKanada
87%
luapoPuola
86%
buakuKuuba
85%
isnliatIslanti
83%
kanarsRanska
80%
suoirtRuotsi
80%
abailanAlbania
77%
lautsiraaAustralia
66%
luotgpraiPortugali
64%
racdeuoEcuador
58%

Tulosjakauma

Persentiili vastausten määrän mukaan

Jokaisen tuloksen saaneiden osuus

Tuloshistoriasi

Et ole pelannut tätä visaa